| 000 | 00976cam a2200193 4500 | ||
|---|---|---|---|
| 001 | L130505 | ||
| 008 | 050808n2005 000 0 eng u | ||
| 035 | _a(Sirsi) u130505 | ||
| 041 | _aeng | ||
| 110 |
_aPKF Consultants _94753 |
||
| 245 |
_aTenancy deposits implementation _bscoping study report 2005 |
||
| 260 |
_aLondon _bODPM _c2005 |
||
| 300 | _a46p. | ||
| 520 | _aAn ODPM commissioned report to assist with the implementation of tenancy deposit arrangements according to the Housing Act 2004. Draws up a set of conclusions that include: minimum specifications; establishment of a separate ADR scheme; landlord and agent behaviours; optimum number of schemes; publicity and awareness; and costs. | ||
| 590 | _aIKA160805 | ||
| 690 | _aPROPERTY-RESIDENTIAL PROPERTY-RESIDENTIAL LANDLORD AND TENANT-RESIDENTIAL TENANCIES | ||
| 856 |
_uhttps://www.communities.gov.uk/documents/housing/pdf/138322.pdf _zView the report free of charge at www.dclg.gov.uk... |
||
| 942 | _n0 | ||
| 999 |
_c104472 _d104472 |
||